000
00413nam a2200145Ia 4500
008
100204s9999 xx 000 0 und d
082
_b
25190
100
_a
काळे विजया
245
_a
फुलोरा
260
_b
"श्रीकल्प प्रकाशन, मुंबई"
_c
2002
300
_a
189
630
_a
फुलोरा
730
_a
फुलोरा
942
_c
BOOK
999
_c
470369
_d
470366